[Event "1MCRV_F"]
[Site "?"]
[Date "2002.??.??"]
[Round "?"]
[White "Koukal, Vladimir"]
[Black "Kuta, Jiri"]
[Result "0-1"]
[WhiteElo "2240"]
[BlackElo "2320"]
[PlyCount "103"]
[EventDate "2002.??.??"]
[EventType "corr"]
[EventRounds "2"]
[SourceDate "2004.??.??"]

1. e4 c5 2. Nf3 Nc6 3. d4 cxd4 4. Nxd4 Nf6 5. Nc3 e5 6. Ndb5 d6 7. Nd5 Nxd5 8.
exd5 Nb8 9. Bd3 Be7 10. O-O O-O 11. c4 a6 12. Nc3 f5 13. a4 Nd7 14. Bb1 b6 15.
Bc2 Nc5 16. b3 Bf6 17. Bb2 g6 18. Qe2 Qe7 19. Rae1 Qg7 20. Ba1 Bd7 21. b4 Nb7
22. Qe3 Rfc8 23. Qxb6 Be8 24. Bb3 f4 25. f3 a5 26. bxa5 Bd8 27. Qf2 Nxa5 28.
Ne4 Nxb3 29. Nxd6 Nxa1 30. Rxa1 Bf6 31. Nxc8 e4 32. Rad1 e3 33. Qc2 Rxc8 34. c5
Qa7 35. Rc1 Be7 36. c6 Bf7 37. Kh1 Bxd5 38. Qd3 Bf7 39. Qb5 Qc7 40. a5 Rb8 41.
Qd3 Rb3 42. Qe4 Rb4 43. Qd3 Be6 44. a6 Ra4 45. Qb5 Ra5 46. Qb7 Bd6 47. Ra1 e2
48. Rfe1 Rxa1 49. Rxa1 Qxb7 50. axb7 Bb3 51. Rg1 Kf7 52. g4 0-1

[Event "1MCRV_F"]
[Site "?"]
[Date "2002.??.??"]
[Round "?"]
[White "Nevole, Milan"]
[Black "Sluka, Vaclav"]
[Result "1/2-1/2"]
[WhiteElo "2210"]
[BlackElo "2245"]
[PlyCount "129"]
[EventDate "2002.??.??"]
[EventType "corr"]
[EventRounds "2"]
[SourceDate "2004.??.??"]

1. d4 d5 2. c4 e6 3. Nc3 c6 4. Nf3 Nf6 5. e3 Nbd7 6. Bd3 dxc4 7. Bxc4 b5 8. Bd3
Bb7 9. O-O a6 10. e4 c5 11. d5 c4 12. Bc2 Bc5 13. Bg5 h6 14. Bf4 exd5 15. e5
Nh5 16. Be3 O-O 17. Bf5 Bxe3 18. fxe3 g6 19. Bxd7 Qxd7 20. Ne4 Bc6 21. Nf2 Rae8
22. Qd4 Qe7 23. Qb6 Bb7 24. Rad1 Kh7 25. Ng4 Bc8 26. Nf2 Rd8 27. e4 Bb7 28. Qa7
Rfe8 29. Qe3 dxe4 30. Nxe4 Bxe4 31. Qxe4 Nf6 32. Qh4 Rxd1 33. Rxd1 Nd7 34. Qxe7
Rxe7 35. Rd5 Kg7 36. Kf1 Kf8 37. g4 Nb6 38. Rd6 Nd7 39. Rd5 Ke8 40. h3 g5 41.
a4 Nb6 42. Rd6 Re6 43. Rxe6+ fxe6 44. axb5 axb5 45. Ke2 Na4 46. Nd4 Nxb2 47.
Nxb5 Kd7 48. Nd6 Kc6 49. Kd2 Kd5 50. Nf7 Nd3 51. Kc3 Nf2 52. Nxh6 Kxe5 53. Nf7+
Kf6 54. Nd6 Nxh3 55. Kd4 Nf2 56. Nxc4 Nxg4 57. Ke4 Nh6 58. Ne5 g4 59. Nd7+ Ke7
60. Ne5 g3 61. Ng6+ Kd7 62. Nf4 Kd6 63. Ne2 Nf5 64. Ng1 Kd7 65. Ke5 1/2-1/2

[Event "1MCRV_F"]
[Site "?"]
[Date "2002.??.??"]
[Round "?"]
[White "Mudra, Oldrich"]
[Black "Sykora, Josef"]
[Result "0-1"]
[WhiteElo "2200"]
[BlackElo "2370"]
[PlyCount "96"]
[EventDate "2002.??.??"]
[EventType "corr"]
[EventRounds "2"]
[SourceDate "2004.??.??"]

1. d4 Nf6 2. Nf3 e6 3. Bf4 b6 4. e3 Bb7 5. Bc4 Be7 6. Bg5 O-O 7. Nbd2 d5 8. Bd3
Nbd7 9. O-O c5 10. c3 Bd6 11. Re1 Qc7 12. e4 cxd4 13. cxd4 dxe4 14. Rc1 Qb8 15.
Nxe4 Nxe4 16. Bxe4 h6 17. Bd2 Bxe4 18. Rxe4 Qb7 19. Re1 Rac8 20. Qb3 Nf6 21.
Ne5 Rxc1 22. Rxc1 Qe4 23. Nf3 Rd8 24. h3 Nd5 25. Re1 Qf5 26. Qa4 a5 27. Qb5 Qc2
28. Rc1 Qg6 29. Ne5 Bxe5 30. dxe5 Qe4 31. Re1 Qc2 32. Bc1 Rc8 33. a3 Qf5 34.
Qf1 Rc2 35. Re2 Rc4 36. Re1 Re4 37. Rxe4 Qxe4 38. f4 a4 39. Qf2 b5 40. Kh2 b4
41. axb4 Nxb4 42. Qc5 Nd3 43. Qc8+ Kh7 44. Qc2 h5 45. h4 Kg6 46. Bd2 Qe2 47.
Kh1 Kf5 48. Kh2 g6 0-1

[Event "1MCRV_F"]
[Site "?"]
[Date "2002.??.??"]
[Round "?"]
[White "Mudra, Oldrich"]
[Black "Sluka, Vaclav"]
[Result "0-1"]
[WhiteElo "2200"]
[BlackElo "2245"]
[PlyCount "88"]
[EventDate "2002.??.??"]
[EventType "corr"]
[EventRounds "2"]
[SourceDate "2004.??.??"]

1. d4 d5 2. c4 e6 3. Nf3 c6 4. e3 Nf6 5. Nc3 Nbd7 6. Qc2 Bd6 7. Be2 dxc4 8.
Bxc4 b5 9. Bd3 Bb7 10. O-O b4 11. Ne4 Nxe4 12. Bxe4 Rc8 13. Bd2 f5 14. Bd3 c5
15. Qb3 Bd5 16. Bc4 Bxf3 17. gxf3 Qg5+ 18. Kh1 cxd4 19. Bxe6 Qh5 20. f4 Qf3+
21. Kg1 Nc5 22. Qxb4 Nxe6 23. Qxd6 Rc6 24. Qe5 O-O 25. Rfc1 Nc5 26. Rxc5 Rg6+
27. Kf1 Rd8 28. Rd5 Qh1+ 29. Ke2 Qxd5 30. Qxd5+ Rxd5 31. exd4 Rxd4 32. Be3 Rb4
33. Bxa7 Ra6 34. Bc5 Rxb2+ 35. Kf3 Raxa2 36. Rxa2 Rxa2 37. Bd4 g6 38. h3 Ra3+
39. Kg2 Rd3 40. Be5 Kf7 41. Bb2 Ke6 42. Bg7 Kd5 43. f3 Rd2+ 44. Kg3 Kc4 0-1

[Event "1MCRV_F"]
[Site "?"]
[Date "2002.??.??"]
[Round "?"]
[White "Nevole, Milan"]
[Black "Kuta, Jiri"]
[Result "1/2-1/2"]
[WhiteElo "2210"]
[BlackElo "2320"]
[PlyCount "74"]
[EventDate "2002.??.??"]
[EventType "corr"]
[EventRounds "2"]
[SourceDate "2004.??.??"]

1. d4 Nf6 2. c4 g6 3. Nc3 Bg7 4. e4 d6 5. f3 O-O 6. Be3 a6 7. Bd3 Nfd7 8. Nge2
c5 9. O-O Nc6 10. dxc5 Nxc5 11. Nf4 Bd4 12. Bxd4 Nxd4 13. Qd2 e5 14. Nfd5 Be6
15. f4 Nxd3 16. Qxd3 f5 17. exf5 Bxf5 18. Qg3 Nc6 19. b3 Rf7 20. Ne3 Kh8 21.
Rad1 Qf8 22. Nxf5 gxf5 23. Qd3 Rd8 24. a4 e4 25. Qh3 Qg7 26. Nd5 Re8 27. Rd2
Re6 28. Rfd1 Rf8 29. Qe3 Rg6 30. b4 Rg8 31. g3 h5 32. b5 Na5 33. Nb6 h4 34. Kh1
hxg3 35. hxg3 Rh6+ 36. Rh2 Rxh2+ 37. Kxh2 Qb2+ 1/2-1/2

[Event "1MCRV_F"]
[Site "?"]
[Date "2002.??.??"]
[Round "?"]
[White "Koukal, Vladimir"]
[Black "Hybl, Vladislav"]
[Result "1/2-1/2"]
[WhiteElo "2240"]
[BlackElo "2305"]
[PlyCount "84"]
[EventDate "2002.??.??"]
[EventType "corr"]
[EventRounds "2"]
[SourceDate "2004.??.??"]

1. e4 e6 2. d4 d5 3. e5 c5 4. c3 Nc6 5. Nf3 Qb6 6. a3 c4 7. Nbd2 f6 8. Be2 fxe5
9. Nxe5 Nxe5 10. dxe5 Bc5 11. O-O Ne7 12. b4 cxb3 13. Nxb3 O-O 14. Nxc5 Qxc5
15. Qd3 Qc7 16. f4 Bd7 17. c4 dxc4 18. Qxc4 Rac8 19. Qxc7 Rxc7 20. g3 Nf5 21.
Rb1 Rfc8 22. Kf2 Ba4 23. Bd2 Rc2 24. Rfc1 Nd4 25. Ke1 b6 26. Bd1 Rxc1 27. Rxc1
Rxc1 28. Bxc1 Bxd1 29. Kxd1 h5 30. h3 Kf7 31. g4 hxg4 32. hxg4 Nf3 33. Ke2 Nd4+
34. Kd3 Nc6 35. Bb2 g6 36. Kc4 a6 37. Bc3 Ke7 38. Bd2 g5 39. Be3 gxf4 40. Bxf4
Kf7 41. Bh2 Kg6 42. Bf4 Kf7 1/2-1/2

[Event "1MCRV_F"]
[Site "?"]
[Date "2002.??.??"]
[Round "?"]
[White "Skalicky, Frantisek"]
[Black "Kostal, Jindrich"]
[Result "0-1"]
[WhiteElo "2245"]
[BlackElo "2305"]
[PlyCount "88"]
[EventDate "2002.??.??"]
[EventType "corr"]
[EventRounds "2"]
[SourceDate "2004.??.??"]

1. e4 e5 2. Nf3 Nc6 3. Bb5 a6 4. Ba4 Nf6 5. O-O Be7 6. Bxc6 dxc6 7. d3 Nd7 8.
Nc3 O-O 9. Ne2 Bd6 10. Ng3 Nc5 11. a4 Ne6 12. c3 Re8 13. Be3 Nf4 14. d4 exd4
15. cxd4 Ng6 16. Nd2 Qh4 17. Nf3 Qe7 18. Nd2 Bf4 19. Bxf4 Nxf4 20. Qb3 Qf6 21.
Nf3 Rb8 22. a5 Be6 23. Qe3 Rbd8 24. Rac1 Ng6 25. Ng5 Qxd4 26. Qxd4 Rxd4 27. f4
Bg4 28. h3 h6 29. Nf3 Bxf3 30. Rxf3 Red8 31. f5 Ne5 32. Rb3 Rb8 33. Rc5 Nd7 34.
Rc2 Kf8 35. Ra3 Ne5 36. Kf2 Rb4 37. Rac3 b6 38. f6 g6 39. Ra3 Nc4 40. Rd3 Ke8
41. axb6 Ne5 42. Ra3 R8xb6 43. Ra5 c5 44. Kg1 Nd3 0-1

[Event "1MCRV_F"]
[Site "?"]
[Date "2002.??.??"]
[Round "?"]
[White "Kuchta, Jiri"]
[Black "Vondracek, Emil"]
[Result "1-0"]
[WhiteElo "2255"]
[BlackElo "2280"]
[PlyCount "81"]
[EventDate "2002.??.??"]
[EventType "corr"]
[EventRounds "2"]
[SourceDate "2004.??.??"]

1. e4 e5 2. Nf3 Nf6 3. Nxe5 d6 4. Nf3 Nxe4 5. d4 d5 6. Bd3 Bd6 7. O-O O-O 8. c4
c6 9. Qc2 f5 10. Qb3 Kh8 11. Nc3 dxc4 12. Bxc4 Nxc3 13. bxc3 b5 14. Bd3 a6 15.
a4 Nd7 16. Re1 Nb6 17. a5 Na4 18. c4 Qxa5 19. c5 Bb8 20. Bg5 Ra7 21. Qb1 h6 22.
Nh4 Kg8 23. Ng6 Raf7 24. Ra3 hxg5 25. Bxb5 Nc3 26. Rxa5 Nxb1 27. Bc4 Bc7 28.
Ra1 Kh7 29. Bxf7 Rxf7 30. Ne7 Nc3 31. Nxc8 Nb5 32. Rxa6 Nxd4 33. Re7 Rxe7 34.
Nxe7 g4 35. Ra8 Ne2+ 36. Kh1 Nd4 37. Rc8 Bf4 38. Nxc6 Ne6 39. Nb4 Kg6 40. Nd5
Be5 41. Re8 1-0

[Event "1MCRV_F"]
[Site "?"]
[Date "2002.??.??"]
[Round "?"]
[White "Pytlik, Lesek"]
[Black "Nosek, Jaroslav"]
[Result "0-1"]
[WhiteElo "2260"]
[BlackElo "2275"]
[PlyCount "80"]
[EventDate "2002.??.??"]
[EventType "corr"]
[EventRounds "2"]
[SourceDate "2004.??.??"]

1. b3 e5 2. Bb2 Nc6 3. e3 d6 4. c4 g6 5. Nf3 Bg7 6. Be2 f5 7. O-O Nf6 8. d4 e4
9. Nfd2 O-O 10. Nc3 a6 11. a3 b6 12. Qc2 Bb7 13. Rfd1 d5 14. cxd5 Ne7 15. Rac1
Nexd5 16. b4 Kh8 17. Nxd5 Nxd5 18. Bc4 Rc8 19. h3 f4 20. Re1 fxe3 21. fxe3 b5
22. Bb3 Qh4 23. Nxe4 Nxb4 24. axb4 Bxe4 25. Qd2 c6 26. Bc2 Bd5 27. Re2 Rce8 28.
Rb1 Qg5 29. Ra1 Bh6 30. Bc1 Bf3 31. Rf2 Qg3 32. Ra3 Bg5 33. Bb1 Bh4 34. Ra2 Bd5
35. Rb2 Bc4 36. e4 Rxf2 37. Qxf2 Qxf2+ 38. Rxf2 Bxf2+ 39. Kxf2 Rf8+ 40. Ke3 Rf1
0-1

[Event "1MCRV_F"]
[Site "?"]
[Date "2002.??.??"]
[Round "?"]
[White "Nosek, Jaroslav"]
[Black "Kuchta, Jiri"]
[Result "1/2-1/2"]
[WhiteElo "2275"]
[BlackElo "2255"]
[PlyCount "25"]
[EventDate "2002.??.??"]
[EventType "corr"]
[EventRounds "2"]
[SourceDate "2004.??.??"]

1. d4 d5 2. c4 c6 3. Nf3 e6 4. Qc2 Nf6 5. Bg5 h6 6. Bh4 Qa5+ 7. Nbd2 Ne4 8. a3
Nd7 9. c5 g5 10. b4 Qd8 11. Bg3 Nxg3 12. hxg3 g4 13. Nh2 1/2-1/2

[Event "1MCRV_F"]
[Site "?"]
[Date "2002.??.??"]
[Round "?"]
[White "Vondracek, Emil"]
[Black "Skalicky, Frantisek"]
[Result "1/2-1/2"]
[WhiteElo "2280"]
[BlackElo "2245"]
[PlyCount "133"]
[EventDate "2002.??.??"]
[EventType "corr"]
[EventRounds "2"]
[SourceDate "2004.??.??"]

1. Nf3 d5 2. g3 c6 3. Bg2 Bg4 4. c4 e6 5. b3 Nf6 6. Bb2 Be7 7. O-O O-O 8. Na3
Nbd7 9. d3 Rc8 10. Qd2 Qb6 11. h3 Bxf3 12. Bxf3 Bb4 13. Qc1 Qa5 14. Rd1 Rcd8
15. Nc2 Bc3 16. Ne3 Bxb2 17. Qxb2 Qc7 18. d4 Rfe8 19. Qc3 Nf8 20. Rab1 Qd7 21.
Ng4 Nxg4 22. Bxg4 Qe7 23. e3 Nd7 24. Be2 a6 25. Bf3 Nf6 26. a4 Ne4 27. Bxe4
dxe4 28. Qa5 f6 29. b4 Qf7 30. Qb6 Rd7 31. b5 cxb5 32. axb5 axb5 33. Qxb5 Red8
34. Kg2 e5 35. d5 f5 36. Qb2 Re8 37. Kh2 h6 38. Ra1 Rc8 39. Ra4 Qe7 40. Qb6 Qf7
41. Rd2 f4 42. Qb2 fxg3+ 43. fxg3 Qf5 44. Rf2 Qg5 45. Qb3 Kh7 46. Kg2 Qg6 47.
Rb4 Rf7 48. Rxf7 Qxf7 49. Qd1 Qf8 50. Ra4 Kh8 51. d6 b6 52. Ra6 Rb8 53. Ra2 Qf7
54. Qf1 Qe6 55. Rd2 Rd8 56. Rd5 b5 57. Rxb5 Rxd6 58. Rb2 Kg8 59. g4 Rd8 60. c5
Qd5 61. Rc2 Qd3 62. Qc1 Rd7 63. c6 Rc7 64. Qb2 Qd1 65. Rf2 Qd6 66. Rf5 Rxc6 67.
Qxe5 1/2-1/2

[Event "1MCRV_F"]
[Site "?"]
[Date "2002.??.??"]
[Round "?"]
[White "Kostal, Jindrich"]
[Black "Koukal, Vladimir"]
[Result "1-0"]
[WhiteElo "2305"]
[BlackElo "2240"]
[PlyCount "81"]
[EventDate "2002.??.??"]
[EventType "corr"]
[EventRounds "2"]
[SourceDate "2004.??.??"]

1. e4 e5 2. Nf3 Nf6 3. Nxe5 d6 4. Nf3 Nxe4 5. d4 d5 6. Bd3 Be7 7. O-O O-O 8.
Re1 Bf5 9. c4 Nc6 10. Nc3 Nxc3 11. bxc3 Bxd3 12. Qxd3 dxc4 13. Qxc4 Re8 14. Bf4
Bd6 15. Ng5 Qf6 16. Bxd6 cxd6 17. Ne4 Qg6 18. Qd5 Rab8 19. Rab1 Red8 20. Ng3
Ne7 21. Qf3 d5 22. Rb2 Nc6 23. Nf5 Kf8 24. Rb5 Qf6 25. Rxd5 g6 26. Ne3 Qxf3 27.
gxf3 Rxd5 28. Nxd5 Rd8 29. Ne3 Ke7 30. Kf1 Kd7 31. Ke2 f5 32. a4 b6 33. Kd3 Re8
34. h4 Re6 35. Rh1 Ne7 36. h5 g5 37. f4 gxf4 38. Nc4 Nd5 39. Ne5+ Kd6 40. Rg1
Re7 41. Rg5 1-0

[Event "1MCRV_F"]
[Site "?"]
[Date "2002.??.??"]
[Round "?"]
[White "Hybl, Vladislav"]
[Black "Nevole, Milan"]
[Result "1-0"]
[WhiteElo "2305"]
[BlackElo "2210"]
[PlyCount "58"]
[EventDate "2002.??.??"]
[EventType "corr"]
[EventRounds "2"]
[SourceDate "2004.??.??"]

1. e4 c5 2. Nf3 e6 3. d4 cxd4 4. Nxd4 Nc6 5. Nc3 Qc7 6. Be3 a6 7. Bd3 Nf6 8.
O-O b5 9. Nxc6 dxc6 10. f4 e5 11. f5 Bd6 12. a4 b4 13. Nb1 O-O 14. Nd2 Bb7 15.
Qf3 c5 16. g4 h6 17. h4 h5 18. gxh5 Kh7 19. Kh2 Rad8 20. Rg1 Rg8 21. Bc4 Qe7
22. Rg5 a5 23. Rag1 Bc6 24. h6 gxh6 25. Rh5 Nxh5 26. Qxh5 Rxg1 27. Qxh6+ Kg8
28. Kxg1 Qf8 29. Qg6+ Qg7 1-0

[Event "1MCRV_F"]
[Site "?"]
[Date "2002.??.??"]
[Round "?"]
[White "Kuta, Jiri"]
[Black "Mudra, Oldrich"]
[Result "1-0"]
[WhiteElo "2320"]
[BlackElo "2200"]
[PlyCount "51"]
[EventDate "2002.??.??"]
[EventType "corr"]
[EventRounds "2"]
[SourceDate "2004.??.??"]

1. d4 Nf6 2. c4 e6 3. Nf3 d5 4. Nc3 Be7 5. Bf4 O-O 6. e3 c5 7. dxc5 Bxc5 8. a3
dxc4 9. Bxc4 Qe7 10. O-O Rd8 11. Qc2 Nc6 12. Ne4 Nxe4 13. Qxe4 a5 14. Rac1 f6
15. Rfd1 Rxd1+ 16. Rxd1 Kh8 17. Bd3 f5 18. Qa4 e5 19. Bg5 Qc7 20. Qc4 b6 21.
Bc2 h6 22. Bb3 Bd7 23. Qf7 Rf8 24. Qxd7 Qxd7 25. Rxd7 hxg5 26. Nxg5 1-0

[Event "1MCRV_F"]
[Site "?"]
[Date "2002.??.??"]
[Round "?"]
[White "Sluka, Vaclav"]
[Black "Sykora, Josef"]
[Result "0-1"]
[WhiteElo "2245"]
[BlackElo "2370"]
[PlyCount "80"]
[EventDate "2002.??.??"]
[EventType "corr"]
[EventRounds "2"]
[SourceDate "2004.??.??"]

1. d4 Nf6 2. c4 e6 3. Nf3 b6 4. g3 Bb7 5. Bg2 Be7 6. Nc3 Ne4 7. Nxe4 Bxe4 8.
O-O O-O 9. Bf4 d6 10. Qd2 Nd7 11. Rfd1 h6 12. Qe3 Nf6 13. Rac1 Qc8 14. b4 a5
15. b5 g5 16. Bxg5 hxg5 17. Qxg5+ Kh8 18. Qh4+ Kg7 19. Qg5+ Bg6 20. Nh4 Rb8 21.
Nxg6 fxg6 22. h3 Qe8 23. Qe3 Qf7 24. f4 e5 25. dxe5 dxe5 26. Qxe5 Bc5+ 27. Kh2
Rbe8 28. Qb2 Qe7 29. Rc2 Qe3 30. Rcd2 Rd8 31. Rd7+ Rxd7 32. Rxd7+ Kh6 33. Rd1
Nh5 34. Qb3 Qxe2 35. Qd3 Qf2 36. Qf3 Qxa2 37. Qd5 Qf2 38. Qg5+ Kh7 39. Rd7+ Ng7
40. h4 Rf5 0-1

[Event "1MCRV_F"]
[Site "?"]
[Date "2002.??.??"]
[Round "?"]
[White "Sykora, Josef"]
[Black "Kuta, Jiri"]
[Result "0-1"]
[WhiteElo "2370"]
[BlackElo "2320"]
[PlyCount "124"]
[EventDate "2002.??.??"]
[EventType "corr"]
[EventRounds "2"]
[SourceDate "2004.??.??"]

1. Nf3 Nf6 2. g3 d5 3. Bg2 c6 4. O-O Bg4 5. d3 Nbd7 6. Nbd2 e5 7. h3 Bh5 8. e4
Bd6 9. Qe2 O-O 10. Rd1 Re8 11. c3 Nc5 12. a4 a5 13. b3 Nfd7 14. Ba3 Bf8 15. g4
Bg6 16. Qe3 Rc8 17. h4 f6 18. Rdb1 Bf7 19. Ne1 b6 20. h5 h6 21. Bc1 Ne6 22.
exd5 cxd5 23. Bxd5 Rxc3 24. Bc4 Bc5 25. Qe4 Bb4 26. Qe3 Nd4 27. Bb2 Rxc4 28.
bxc4 Bxd2 29. Qxd2 Nb3 30. Qe2 Nxa1 31. Rxa1 Nc5 32. f3 Qd7 33. Kg2 Nxa4 34.
Bc1 f5 35. gxf5 Bxh5 36. Qe3 Rf8 37. Qxe5 Rxf5 38. Qe3 Rf6 39. Ra3 Be8 40. Kg1
Qf7 41. Qe2 Qg6+ 42. Ng2 Bc6 43. d4 Qb1 44. Qe1 Bxf3 45. Bf4 Qxe1+ 46. Nxe1 Bc6
47. Bc1 Be8 48. Nd3 b5 49. cxb5 Bxb5 50. Nf2 Rg6+ 51. Kh2 Rd6 52. Bd2 Rxd4 53.
Bxa5 Nc5 54. Bb6 Rd5 55. Kg3 Nd7 56. Be3 g5 57. Ne4 Kf7 58. Nc3 Rf5 59. Ne4 Kg6
60. Nd6 Rd5 61. Nxb5 Rxb5 62. Ra6+ Nf6 0-1

[Event "1MCRV_F"]
[Site "?"]
[Date "2002.??.??"]
[Round "?"]
[White "Mudra, Oldrich"]
[Black "Hybl, Vladislav"]
[Result "0-1"]
[WhiteElo "2200"]
[BlackElo "2305"]
[PlyCount "76"]
[EventDate "2002.??.??"]
[EventType "corr"]
[EventRounds "2"]
[SourceDate "2004.??.??"]

1. d4 Nf6 2. Nf3 g6 3. c4 Bg7 4. Nc3 d5 5. Qb3 dxc4 6. Qxc4 O-O 7. e4 Bg4 8.
Be2 Nc6 9. Be3 Bxf3 10. Bxf3 e5 11. d5 Nd4 12. Bd1 c6 13. dxc6 Rc8 14. Qb4 bxc6
15. O-O Rb8 16. Qa3 Qb6 17. Rb1 Rfd8 18. b4 Bf8 19. Bg5 Be7 20. h3 Ne6 21. Bxf6
Bxf6 22. Bg4 Nd4 23. Qc1 Be7 24. Re1 a5 25. Na4 Qa7 26. Nc5 h5 27. Bd1 axb4 28.
Na4 Kg7 29. Bb3 Bh4 30. Rb2 Rb5 31. Kf1 Ra5 32. Qc4 Rxa4 33. Bxa4 Qxa4 34. Qc5
Qa3 35. Reb1 Qd3+ 36. Kg1 Ne2+ 37. Kh2 Nc3 38. Rb3 Qd4 0-1

[Event "1MCRV_F"]
[Site "?"]
[Date "2002.??.??"]
[Round "?"]
[White "Nevole, Milan"]
[Black "Kostal, Jindrich"]
[Result "1/2-1/2"]
[WhiteElo "2210"]
[BlackElo "2305"]
[PlyCount "107"]
[EventDate "2002.??.??"]
[EventType "corr"]
[EventRounds "2"]
[SourceDate "2004.??.??"]

1. d4 Nf6 2. c4 g6 3. Nc3 Bg7 4. e4 d6 5. f3 O-O 6. Be3 e5 7. d5 c6 8. Bd3 cxd5
9. cxd5 Ne8 10. Qd2 f5 11. exf5 gxf5 12. Nge2 Nd7 13. Bg5 Bf6 14. Bh6 Bg7 15.
Bxg7 Nxg7 16. O-O Qb6+ 17. Kh1 Nc5 18. f4 Nxd3 19. Qxd3 e4 20. Qb5 Qxb5 21.
Nxb5 Ne8 22. Rac1 Bd7 23. Nbd4 Rc8 24. Rxc8 Bxc8 25. Nc3 Bd7 26. g4 fxg4 27.
Nxe4 Bf5 28. Nc3 a6 29. Kg2 Ng7 30. Kf2 h5 31. a4 Rc8 32. a5 Kf7 33. Ke3 Re8+
34. Kd2 h4 35. Rg1 Kf6 36. Nd1 Re4 37. Nxf5 Nxf5 38. Nf2 Rxf4 39. Nxg4+ Ke7 40.
Ne3 Nxe3 41. Kxe3 Rb4 42. Rg7+ Kf6 43. Rh7 Rxb2 44. Rh6+ Kg5 45. Rxd6 Rxh2 46.
Rb6 Ra2 47. Rxb7 Rxa5 48. d6 Rd5 49. Rg7+ Kf5 50. d7 Rd1 51. Rf7+ Kg6 52. Rf4
Rxd7 53. Rxh4 Rd6 54. Rd4 1/2-1/2

[Event "1MCRV_F"]
[Site "?"]
[Date "2002.??.??"]
[Round "?"]
[White "Koukal, Vladimir"]
[Black "Vondracek, Emil"]
[Result "0-1"]
[WhiteElo "2240"]
[BlackElo "2280"]
[PlyCount "136"]
[EventDate "2002.??.??"]
[EventType "corr"]
[EventRounds "2"]
[SourceDate "2004.??.??"]

1. e4 e5 2. Nf3 Nc6 3. Bb5 a6 4. Ba4 Nf6 5. O-O b5 6. Bb3 Bb7 7. Ng5 d5 8. exd5
Nd4 9. Re1 Bd6 10. d3 O-O 11. c4 c6 12. dxc6 Bxc6 13. Nc3 Rc8 14. Be3 Bb4 15.
Rc1 Qd7 16. cxb5 axb5 17. Nge4 Ng4 18. Bg5 Nxb3 19. Qxb3 Ba5 20. a3 Bb6 21. Bh4
Kh8 22. Qb4 f5 23. Nd6 Rb8 24. h3 Nf6 25. Rxe5 Bc7 26. Ncxb5 Bxd6 27. Qxd6 Bxb5
28. Qxd7 Nxd7 29. Rd5 h6 30. Be7 Rfe8 31. Bd6 Rb6 32. Bc7 Rb7 33. d4 Re2 34. b3
Nf6 35. Rxf5 Bd3 36. Rf3 Rxb3 37. Be5 Nd7 38. Bd6 Re6 39. Bb4 Nb6 40. Bf8 Nd5
41. Rd1 Bc2 42. Rxb3 Bxb3 43. Rb1 Bc4 44. Rb7 g5 45. Ra7 Nf4 46. Bg7+ Kg8 47.
Be5 Nd3 48. Bg3 Re4 49. Rd7 Re1+ 50. Kh2 Ra1 51. Rc7 Bd5 52. Rd7 Bc4 53. Rc7
Bd5 54. Rd7 Bf7 55. Ra7 Ra2 56. Kg1 Kg7 57. Be5+ Nxe5 58. dxe5 Re2 59. Ra5 Be6
60. Rc5 Kf7 61. a4 Bd7 62. a5 Ke6 63. Rc1 Kxe5 64. a6 Ra2 65. h4 Rxa6 66. hxg5
hxg5 67. f3 Ra2 68. g3 Kf6 0-1

[Event "1MCRV_F"]
[Site "?"]
[Date "2002.??.??"]
[Round "?"]
[White "Skalicky, Frantisek"]
[Black "Nosek, Jaroslav"]
[Result "1/2-1/2"]
[WhiteElo "2245"]
[BlackElo "2275"]
[PlyCount "58"]
[EventDate "2002.??.??"]
[EventType "corr"]
[EventRounds "2"]
[SourceDate "2004.??.??"]

1. e4 e6 2. d4 d5 3. Nd2 c5 4. exd5 Qxd5 5. Ngf3 cxd4 6. Bc4 Qd6 7. O-O Nf6 8.
Nb3 Nc6 9. Nbxd4 Nxd4 10. Qxd4 a6 11. Be3 b5 12. Be2 Qxd4 13. Bxd4 Nd5 14. a4
Nf4 15. Bd1 b4 16. g3 Ng6 17. Re1 Bb7 18. a5 Rd8 19. c3 Be7 20. h4 O-O 21. h5
Nh8 22. Ne5 f6 23. Nd3 bxc3 24. bxc3 e5 25. Nc5 Bc8 26. Be3 Nf7 27. Be2 Rd6 28.
Reb1 Rc6 29. Na4 f5 1/2-1/2

[Event "1MCRV_F"]
[Site "?"]
[Date "2002.??.??"]
[Round "?"]
[White "Kuchta, Jiri"]
[Black "Pytlik, Lesek"]
[Result "1/2-1/2"]
[WhiteElo "2255"]
[BlackElo "2260"]
[PlyCount "77"]
[EventDate "2002.??.??"]
[EventType "corr"]
[EventRounds "2"]
[SourceDate "2004.??.??"]

1. e4 d5 2. exd5 Nf6 3. Bb5+ Bd7 4. Bc4 Bg4 5. f3 Bf5 6. Nc3 Nbd7 7. g4 Nb6 8.
Qe2 Bc8 9. Qd3 g6 10. g5 Nh5 11. Bb5+ Bd7 12. Nge2 a6 13. Bxd7+ Qxd7 14. b3 h6
15. Bb2 Bg7 16. h4 O-O-O 17. O-O-O Nxd5 18. Nxd5 Qxd5 19. Qe3 e6 20. a3 Qd6 21.
d3 Kb8 22. f4 Rh7 23. d4 Rd7 24. c4 c6 25. Kb1 Rh8 26. Rd3 Rhd8 27. gxh6 Bxh6
28. d5 f6 29. c5 Qf8 30. d6 e5 31. Qg1 Nxf4 32. Nxf4 Bxf4 33. Qxg6 Rg7 34. Qf5
Qh8 35. Ka1 Ka7 36. Rdh3 Rdg8 37. h5 Rg2 38. h6 Rf2 39. Bc3 1/2-1/2

[Event "1MCRV_F"]
[Site "?"]
[Date "2002.??.??"]
[Round "?"]
[White "Pytlik, Lesek"]
[Black "Skalicky, Frantisek"]
[Result "1/2-1/2"]
[WhiteElo "2260"]
[BlackElo "2245"]
[PlyCount "87"]
[EventDate "2002.??.??"]
[EventType "corr"]
[EventRounds "2"]
[SourceDate "2004.??.??"]

1. d3 e5 2. Nf3 Nc6 3. g3 d5 4. Bg2 Nf6 5. O-O Be7 6. Nbd2 O-O 7. e4 Bg4 8. h3
Bh5 9. exd5 Nxd5 10. Re1 f6 11. c3 Nb6 12. Qe2 a5 13. g4 Bg6 14. d4 exd4 15.
Nxd4 Nxd4 16. cxd4 Nd5 17. Ne4 Bb4 18. Nc3 Bxc3 19. bxc3 Re8 20. Qf1 Rxe1 21.
Qxe1 Qd7 22. Bd2 Re8 23. Qd1 Be4 24. Bxe4 Rxe4 25. Qf3 Re8 26. c4 Ne7 27. Bc3
b5 28. cxb5 Qxb5 29. Re1 h6 30. Qe2 Qxe2 31. Rxe2 a4 32. Ba5 c6 33. Kg2 Kf7 34.
Rc2 Ra8 35. Bb4 Nd5 36. Ba3 Ra6 37. Kg3 g6 38. Rc4 Kg7 39. Rc1 Rb6 40. h4 h5
41. Rc4 Ra6 42. gxh5 gxh5 43. Kf3 Kf7 44. Ke4 1/2-1/2

[Event "1MCRV_F"]
[Site "?"]
[Date "2002.??.??"]
[Round "?"]
[White "Nosek, Jaroslav"]
[Black "Koukal, Vladimir"]
[Result "1-0"]
[WhiteElo "2275"]
[BlackElo "2240"]
[PlyCount "57"]
[EventDate "2002.??.??"]
[EventType "corr"]
[EventRounds "2"]
[SourceDate "2004.??.??"]

1. d4 Nf6 2. Bg5 h6 3. Bxf6 exf6 4. e3 Bb4+ 5. c3 Be7 6. Bd3 d5 7. Qc2 O-O 8.
Ne2 Bd6 9. Nd2 Nc6 10. h3 Ne7 11. e4 c6 12. O-O Re8 13. a4 dxe4 14. Nxe4 Bc7
15. Rfe1 f5 16. Nd2 g6 17. Nf3 Be6 18. Qd2 g5 19. Ng3 Bxg3 20. fxg3 Qc7 21. Kh2
Qd6 22. Re2 Rad8 23. Rae1 c5 24. Bb5 Nc6 25. Nxg5 hxg5 26. Qxg5+ Kf8 27. Qh5
Qd5 28. Qh6+ Kg8 29. Re5 1-0

[Event "1MCRV_F"]
[Site "?"]
[Date "2002.??.??"]
[Round "?"]
[White "Vondracek, Emil"]
[Black "Nevole, Milan"]
[Result "1-0"]
[WhiteElo "2280"]
[BlackElo "2210"]
[PlyCount "87"]
[EventDate "2002.??.??"]
[EventType "corr"]
[EventRounds "2"]
[SourceDate "2004.??.??"]

1. e4 c5 2. Nc3 Nc6 3. f4 e6 4. Nf3 Nf6 5. Bb5 Be7 6. Bxc6 bxc6 7. d3 d5 8. O-O
d4 9. Na4 Rb8 10. b3 O-O 11. Ne5 Qc7 12. Ba3 Rb5 13. c3 Bd6 14. cxd4 cxd4 15.
Bxd6 Qxd6 16. Qc2 c5 17. Rac1 Nd7 18. Nc4 Qa6 19. Qe2 f5 20. Rce1 fxe4 21. Qxe4
Rf6 22. f5 Bb7 23. Qg4 exf5 24. Rxf5 Rxf5 25. Qxf5 Qg6 26. Qxg6 hxg6 27. Nd6
Rb4 28. Rc1 Bd5 29. Nxc5 Nf6 30. Na4 Ng4 31. Rc8+ Kh7 32. Rd8 Ne3 33. Nc4 Rb5
34. Nxe3 dxe3 35. Re8 Rb7 36. Rxe3 Rc7 37. Re2 g5 38. Kf2 Kg6 39. Nb2 Rf7+ 40.
Kg3 Rf4 41. Re5 Rf5 42. Re7 Rf1 43. Nc4 Rd1 44. Ne3 1-0

[Event "1MCRV_F"]
[Site "?"]
[Date "2002.??.??"]
[Round "?"]
[White "Kostal, Jindrich"]
[Black "Mudra, Oldrich"]
[Result "1-0"]
[WhiteElo "2305"]
[BlackElo "2200"]
[PlyCount "49"]
[EventDate "2002.??.??"]
[EventType "corr"]
[EventRounds "2"]
[SourceDate "2004.??.??"]

1. e4 e5 2. Nf3 Nc6 3. Bb5 a6 4. Ba4 Nf6 5. O-O b5 6. Bb3 Bb7 7. Re1 d6 8. Ng5
d5 9. exd5 Nd4 10. d6 Nxb3 11. Rxe5+ Be7 12. Rxe7+ Qxe7 13. dxe7 Nxa1 14. b4 h6
15. Nf3 a5 16. Bb2 axb4 17. Qe2 Bc6 18. Bxa1 Rxa2 19. Qd3 Kxe7 20. Qe3+ Kd7 21.
Bxf6 gxf6 22. Qd4+ Ke6 23. Qg4+ Ke7 24. Qxb4+ Ke6 25. Qb3+ 1-0